| 000 | 00598nam a2200169 a 4500 | ||
|---|---|---|---|
| 001 | 3307 | ||
| 003 | CDMR | ||
| 005 | 20130319195404.0 | ||
| 008 | 130130s2007||||||||||||||||||||||||||||d | ||
| 020 | _a9788496747135 | ||
| 040 |
_aCDMR _bcat _cCPC GIRONA |
||
| 245 | 0 | 0 |
_aRafael Masó i els noucentistes _b: epistolari _c[compilador:] Narcís-Jordi Aragó Masó ; pròleg: Rosa Maria Gil i Tort ; transcripció i epíleg: Joan Vicens i Tarré i Dani Vivern Lladó |
| 260 |
_c2007 _bDiputació de Girona |
||
| 490 | 0 |
_aCol·lecció Josep Pla _v18 |
|
| 700 | 1 |
_91065 _aAragó, Narcís-Jordi |
|
| 942 |
_cMON _2udc |
||
| 999 |
_c3307 _d3307 |
||